[Event "North American-ch U20 Girls"]
[Site "Kitchener"]
[Date "2015.07.27"]
[Round "3"]
[White "Ding, Kimberly"]
[Black "Giblon, Rebecca"]
[Result "1-0"]
[WhiteElo "1920"]
[BlackElo "1739"]
[PlyCount "81"]
[EventDate "2015.07.26"]
[EventType "swiss"]
[EventRounds "9"]
[EventCountry "CAN"]
[SourceTitle "EXT 2019"]
[Source "ChessBase"]
[SourceDate "2018.10.10"]
[SourceVersion "1"]
[SourceVersionDate "2018.10.10"]
[SourceQuality "1"]

1. e4 e5 2. Nf3 Nc6 3. Bb5 a6 4. Ba4 Nf6 5. 0-0 Nxe4 6. d4 b5 7. Bb3 d5 8. dxe5 Be6 9. c3 Bc5 10. Qd3 0-0 11. Nbd2 f5 12. exf6 Nxf6 13. Ng5 Bg4 14. Nde4 Bf5 15. Nxf6+ Rxf6 16. Qxd5+ Qxd5 17. Bxd5+ Kf8 18. Be3 Be7 19. Rad1 h6 20. Nf3 Re8 21. Nd4 Nxd4 22. Bxd4 Rg6 23. Rfe1 Bg4 24. Rd3 Rd8 25. Be4 Rg5 26. f4 Rh5 27. h3 Bf5 28. Bxf5 Rxf5 29. Bxg7+ Kxg7 30. Rxe7+ Kf6 31. Rxd8 Kxe7 32. Rd4 c5 33. Re4+ Kd6 34. Kf2 Rd5 35. Ke2 c4 36. g4 a5 37. f5 Kc5 38. f6 Rd8 39. h4 Rg8 40. Kf3 Kd6 41. Kf4 1-0

[Event "North American-ch U20 Girls"]
[Site "Kitchener"]
[Date "2015.07.27"]
[Round "2"]
[White "Giblon, Rebecca"]
[Black "Zhou, Qiyu"]
[Result "1/2-1/2"]
[WhiteElo "1739"]
[BlackElo "2125"]
[PlyCount "80"]
[EventDate "2015.07.26"]
[EventType "swiss"]
[EventRounds "9"]
[EventCountry "CAN"]
[SourceTitle "EXT 2019"]
[Source "ChessBase"]
[SourceDate "2018.10.10"]
[SourceVersion "1"]
[SourceVersionDate "2018.10.10"]
[SourceQuality "1"]

1. e4 c5 2. Nf3 d6 3. d4 cxd4 4. Nxd4 Nf6 5. Nc3 Nc6 6. Be3 Ng4 7. Bb5 Nxe3 8. fxe3 Bd7 9. 0-0 e6 10. Qf3 Ne5 11. Qh3 Be7 12. Nf3 Bxb5 13. Nxb5 Nc4 14. Nfd4 Nxb2 15. Nxe6 fxe6 16. Qxe6 Rf8 17. Rxf8+ Kxf8 18. Rf1+ Bf6 19. Nxd6 Qe7 20. Qd5 Rd8 21. e5 Rxd6 22. exd6 Qxe3+ 23. Kh1 Qe2 24. Qf5 Nc4 25. Qc8+ Kf7 26. Qxb7+ Kg6 27. Qf3 Qxf3 28. Rxf3 Nxd6 29. Ra3 Bd4 30. Ra6 Bb6 31. g3 Kf5 32. Ra4 Ke6 33. Kg2 Kd5 34. Rh4 h6 35. Kf3 Nc4 36. Ke2 Ne5 37. Rb4 Kc5 38. Re4 Kd5 39. Rb4 Nc4 40. Kd3 Ne5+ 1/2-1/2

[Event "North American-ch U20"]
[Site "Kitchener"]
[Date "2014.08.02"]
[Round "6.21"]
[White "Giblon, Rebecca"]
[Black "Guo, Thomas"]
[Result "1/2-1/2"]
[WhiteElo "1740"]
[BlackElo "1736"]
[PlyCount "87"]
[EventDate "2014.07.31"]
[EventType "swiss"]
[EventRounds "9"]
[EventCountry "CAN"]
[SourceTitle "EXT 2022"]
[Source "ChessBase"]
[SourceDate "2021.10.06"]
[SourceVersion "1"]
[SourceVersionDate "2021.10.06"]
[SourceQuality "1"]

1. e4 e5 2. Nf3 Nc6 3. d4 exd4 4. Nxd4 Nf6 5. Nc3 Bb4 6. Nxc6 bxc6 7. Bd3 0-0 8. 0-0 h6 9. e5 Bxc3 10. bxc3 Nd5 11. Qg4 d6 12. Qe4 f5 13. exf6 Nxf6 14. Qxc6 Be6 15. Be3 Kh8 16. Qa4 c5 17. Rfe1 Ng4 18. f3 Bd7 19. Qe4 Bf5 20. Qd5 Nxe3 21. Rxe3 Bxd3 22. cxd3 Qb6 23. Rae1 Rad8 24. Qh5 Qb2 25. g4 Qxa2 26. c4 Kg8 27. Qd5+ Kh8 28. Re6 Qd2 29. Qe4 Qf4 30. Qxf4 Rxf4 31. Re8+ Rxe8 32. Rxe8+ Kh7 33. Kg2 Rd4 34. Ra8 Rxd3 35. Rxa7 Rd4 36. Ra6 Kg6 37. Kg3 h5 38. h3 hxg4 39. hxg4 Kf6 40. f4 g5 41. f5 Ke5 42. Ra3 Rxc4 43. Re3+ Kd5 44. Rf3 1/2-1/2

[Event "North American-ch U20"]
[Site "Kitchener"]
[Date "2014.08.02"]
[Round "5.23"]
[White "Zhu, Harmony"]
[Black "Giblon, Rebecca"]
[Result "1-0"]
[WhiteElo "1586"]
[BlackElo "1740"]
[PlyCount "95"]
[EventDate "2014.07.31"]
[EventType "swiss"]
[EventRounds "9"]
[EventCountry "CAN"]
[SourceTitle "EXT 2022"]
[Source "ChessBase"]
[SourceDate "2021.10.06"]
[SourceVersion "1"]
[SourceVersionDate "2021.10.06"]
[SourceQuality "1"]

1. d4 d5 2. c4 c6 3. Nf3 e6 4. e3 f5 5. Bd3 Nf6 6. 0-0 Bd6 7. b3 0-0 8. Ba3 Bxa3 9. Nxa3 Bd7 10. Nc2 Be8 11. b4 Bh5 12. Nce1 Ne4 13. Qc1 Rf6 14. a4 Rh6 15. b5 Bxf3 16. Nxf3 g5 17. Ne5 g4 18. f3 Qh4 19. fxe4 Qxh2+ 20. Kf2 fxe4 21. Bc2 Rf6+ 22. Ke1 Qg3+ 23. Kd2 Qxg2+ 24. Kc3 Rxf1 25. Qxf1 Qxf1 26. Rxf1 cxb5 27. cxb5 a6 28. bxa6 Nxa6 29. Nxg4 Rc8+ 30. Kb3 Rc4 31. Ne5 Rc7 32. Rg1+ Kf8 33. a5 Nb8 34. Kb2 Nc6 35. Nxc6 Rxc6 36. Ra1 Ra6 37. Kb3 b6 38. Kb4 bxa5+ 39. Rxa5 Rxa5 40. Kxa5 Ke7 41. Kb6 Kd6 42. Bd1 e5 43. dxe5+ Kxe5 44. Kc5 h6 45. Be2 Ke6 46. Kd4 Kd6 47. Bg4 Kc6 48. Be6 1-0

[Event "CAN-ch U16/18 Girls"]
[Site "Montreal"]
[Date "2014.07.17"]
[Round "6"]
[White "Giblon, Rebecca"]
[Black "Zhang, Manxuan"]
[Result "1-0"]
[WhiteElo "2008"]
[BlackElo "1496"]
[PlyCount "47"]
[EventDate "2014.07.15"]
[EventType "swiss"]
[EventRounds "7"]
[EventCountry "CAN"]
[SourceTitle "EXT 2022"]
[Source "ChessBase"]
[SourceDate "2021.10.06"]
[SourceVersion "1"]
[SourceVersionDate "2021.10.06"]
[SourceQuality "1"]

1. e4 c5 2. Nf3 Nc6 3. d4 cxd4 4. Nxd4 Qb6 5. Nb3 Nf6 6. Nc3 e6 7. Bd3 d6 8. Be3 Qc7 9. f4 Be7 10. Qf3 a6 11. 0-0-0 b5 12. g4 Rb8 13. g5 Nd7 14. Rdf1 Nc5 15. Nxc5 dxc5 16. e5 c4 17. Be4 Bb7 18. Kb1 Na5 19. f5 Bxe4 20. Nxe4 Bd8 21. fxe6 fxe6 22. Qh5+ g6 23. Qf3 Rb7 24. Nf6+ 1-0

[Event "CAN-ch U16/18 Girls"]
[Site "Montreal"]
[Date "2014.07.16"]
[Round "4"]
[White "Giblon, Rebecca"]
[Black "Pobereshnikova, Agniya"]
[Result "1-0"]
[WhiteElo "2062"]
[BlackElo "1492"]
[PlyCount "83"]
[EventDate "2014.07.15"]
[EventType "swiss"]
[EventRounds "7"]
[EventCountry "CAN"]
[SourceTitle "EXT 2022"]
[Source "ChessBase"]
[SourceDate "2021.10.06"]
[SourceVersion "1"]
[SourceVersionDate "2021.10.06"]
[SourceQuality "1"]

1. e4 c5 2. Nf3 e6 3. d4 cxd4 4. Nxd4 a6 5. Nc3 Qc7 6. Bd3 Nc6 7. Be3 Bd6 8. Nxc6 dxc6 9. h3 Nf6 10. Qd2 e5 11. Na4 c5 12. c4 Bd7 13. Nc3 0-0 14. Bg5 Be6 15. Bxf6 gxf6 16. Qh6 Be7 17. Nd5 Qd8 18. 0-0-0 Bxd5 19. exd5 f5 20. Qh5 e4 21. Bc2 Bg5+ 22. Kb1 Qf6 23. Qe2 Qe5 24. Rd3 b5 25. Rg3 f6 26. h4 f4 27. Rg4 h5 28. Rxg5+ fxg5 29. Qxh5 Ra7 30. hxg5 Rf5 31. cxb5 axb5 32. Qe2 Qxd5 33. Qxb5 Qxa2+ 34. Kc1 Qa1+ 35. Bb1 Kg7 36. Qe8 Rxg5 37. Qh8+ Kf7 38. Rh7+ Ke6 39. Qe8+ Kf6 40. Qc6+ Kf5 41. Qxe4+ Kg4 42. Qe6+ 1-0

[Event "Wch U16 Girls"]
[Site "Al Ain"]
[Date "2013.12.28"]
[Round "11"]
[White "Messaoui, Amira"]
[Black "Giblon, Rebecca"]
[Result "0-1"]
[WhiteElo "1605"]
[BlackElo "1715"]
[PlyCount "76"]
[EventDate "2013.12.18"]
[EventType "swiss"]
[EventRounds "11"]
[EventCountry "UAE"]
[SourceTitle "CBM 158 Extra"]
[Source "ChessBase"]
[SourceDate "2014.02.28"]
[SourceVersion "1"]
[SourceVersionDate "2014.02.28"]
[SourceQuality "1"]

1. e4 e5 2. Bc4 Nf6 3. d3 Bc5 4. c3 Nc6 5. Nf3 d6 6. h3 Be6 7. Bb3 Qd7 8. Nbd2 0-0-0 9. Bxe6 fxe6 10. Nb3 Bb6 11. Be3 d5 12. Bxb6 axb6 13. Qc2 Rhf8 14. 0-0-0 Nh5 15. Rhg1 Nf4 16. Nh2 Qe7 17. f3 Rd6 18. exd5 exd5 19. Kb1 d4 20. cxd4 Nxd4 21. Nxd4 Rxd4 22. Rd2 Rfd8 23. Rgd1 Qd6 24. Ng4 h5 25. Nf2 Qd7 26. g4 Qd5 27. Ne4 hxg4 28. hxg4 Nxd3 29. a3 Kb8 30. Qc3 Nc5 31. Rxd4 exd4 32. Qc2 d3 33. Qc3 Nxe4 34. fxe4 Qxe4 35. Qxg7 d2+ 36. Ka2 Qc4+ 37. Kb1 Qb3 38. Qe7 Qxd1+ 0-1

[Event "Wch U16 Girls"]
[Site "Al Ain"]
[Date "2013.12.27"]
[Round "10"]
[White "Giblon, Rebecca"]
[Black "Fuskova, Martina"]
[Result "0-1"]
[WhiteElo "1715"]
[BlackElo "1969"]
[PlyCount "130"]
[EventDate "2013.12.18"]
[EventType "swiss"]
[EventRounds "11"]
[EventCountry "UAE"]
[SourceTitle "CBM 158 Extra"]
[Source "ChessBase"]
[SourceDate "2014.02.28"]
[SourceVersion "1"]
[SourceVersionDate "2014.02.28"]
[SourceQuality "1"]

1. e4 c5 2. Nf3 Nc6 3. d4 cxd4 4. Nxd4 e5 5. Nf5 d5 6. Qxd5 Qxd5 7. exd5 Bxf5 8. dxc6 bxc6 9. c3 Bc5 10. Bc4 Nf6 11. 0-0 0-0 12. Nd2 Rfe8 13. Kh1 Rad8 14. Nb3 Bb6 15. f3 h6 16. Bd2 Rd7 17. Rae1 Bg6 18. Be3 Nd5 19. Bc5 Nf4 20. Re3 Bxc5 21. Nxc5 Rd2 22. g3 Nd5 23. Re2 Rxe2 24. Bxe2 Rb8 25. Nb3 Bc2 26. Bc4 Ne3 27. Rc1 Bd1 28. Kg1 Bxf3 29. Bxf7+ Kxf7 30. Kf2 Bd5 31. Kxe3 Bxb3 32. axb3 Rxb3 33. Ra1 Rxb2 34. Rxa7+ Kf6 35. Ra6 Rxh2 36. Rxc6+ Kf5 37. Rc4 h5 38. Kf3 Rc2 39. Rc8 g6 40. Rf8+ Ke6 41. Rc8 Kd5 42. Ra8 Kc4 43. Ke4 Re2+ 44. Kf3 Re1 45. Rg8 Kd3 46. Rxg6 e4+ 47. Kf2 Re2+ 48. Kf1 Rc2 49. Rd6+ Ke3 50. Rh6 Rc1+ 51. Kg2 Ke2 52. Rxh5 e3 53. Ra5 Kd1 54. Rd5+ Ke1 55. Kf3 Rxc3 56. Kg2 Rc2+ 57. Kf3 e2 58. Kg2 Rd2 59. Ra5 Rd6 60. Ra1+ Kd2 61. Ra2+ Ke3 62. Ra3+ Rd3 63. Ra1 Rd1 64. Ra3+ Kd4 65. Ra4+ Kc5 0-1

[Event "Wch U16 Girls"]
[Site "Al Ain"]
[Date "2013.12.23"]
[Round "7"]
[White "Giblon, Rebecca"]
[Black "Chetina, Elizaveta"]
[Result "0-1"]
[WhiteElo "1715"]
[BlackElo "1904"]
[PlyCount "112"]
[EventDate "2013.12.18"]
[EventType "swiss"]
[EventRounds "11"]
[EventCountry "UAE"]
[SourceTitle "CBM 158 Extra"]
[Source "ChessBase"]
[SourceDate "2014.02.28"]
[SourceVersion "1"]
[SourceVersionDate "2014.02.28"]
[SourceQuality "1"]

1. e4 e5 2. Nf3 Nc6 3. d4 exd4 4. Nxd4 Bc5 5. Be3 Qf6 6. Nb5 Bxe3 7. fxe3 Qh4+ 8. g3 Qd8 9. Qg4 g5 10. N1c3 Ne5 11. Qe2 a6 12. Nd4 d6 13. Nf5 Bxf5 14. exf5 Ne7 15. e4 Qd7 16. 0-0-0 0-0-0 17. Qe3 f6 18. h4 g4 19. Nd5 Nxd5 20. Rxd5 c6 21. Ra5 Qc7 22. Qa3 Qb6 23. Bxa6 bxa6 24. Rxa6 Qc5 25. Ra8+ Kd7 26. Qxc5 dxc5 27. Rd1+ Ke7 28. Ra7+ Rd7 29. Rdxd7+ Nxd7 30. Kd2 Kd6 31. a4 Rb8 32. Kc3 Rb4 33. e5+ fxe5 34. a5 e4 35. a6 Rb8 36. b3 e3 37. Kd3 Re8 38. Ke2 Nf6 39. Rg7 Nd5 40. Rxh7 Nc3+ 41. Ke1 e2 42. f6 Re5 43. Re7 Rd5 44. a7 Rd1+ 45. Kf2 Rf1+ 46. Kg2 Ra1 47. Kf2 Nd5 48. Rxe2 Nxf6 49. Ke3 Nd5+ 50. Kd3 Rxa7 51. Re4 Nf6 52. Rf4 Ke5 53. Kc4 Nd5 54. Rf2 Kd6 55. Re2 Rf7 56. Rd2 Re7 0-1

[Event "Toronto NAYCC U16 Girls"]
[Site "Toronto"]
[Date "2013.08.18"]
[Round "9"]
[White "Giblon, Rebecca"]
[Black "Lu, Mandy"]
[Result "1/2-1/2"]
[WhiteElo "1783"]
[BlackElo "1923"]
[PlyCount "38"]
[EventDate "2013.08.14"]
[EventType "swiss"]
[EventRounds "9"]
[EventCountry "CAN"]
[SourceTitle "EXT 2022"]
[Source "ChessBase"]
[SourceDate "2021.10.06"]
[SourceVersion "1"]
[SourceVersionDate "2021.10.06"]
[SourceQuality "1"]

1. e4 e5 2. Nf3 Nc6 3. d4 exd4 4. Nxd4 Bc5 5. Be3 Qf6 6. Nb5 Bxe3 7. fxe3 Qd8 8. Qg4 g6 9. Qf4 d6 10. Bc4 Be6 11. Bxe6 fxe6 12. 0-0 Nge7 13. Qf7+ Kd7 14. Rf6 Kc8 15. Qxe6+ Qd7 16. Qxd7+ Kxd7 17. N1c3 Ne5 18. Re1 a6 19. Nd4 Rae8 1/2-1/2

[Event "Toronto NAYCC U16 Girls"]
[Site "Toronto"]
[Date "2013.08.16"]
[Round "4"]
[White "Giblon, Rebecca"]
[Black "Zhang, Manxuan"]
[Result "0-1"]
[WhiteElo "1783"]
[BlackElo "1147"]
[PlyCount "128"]
[EventDate "2013.08.14"]
[EventType "swiss"]
[EventRounds "9"]
[EventCountry "CAN"]
[SourceTitle "EXT 2022"]
[Source "ChessBase"]
[SourceDate "2021.10.06"]
[SourceVersion "1"]
[SourceVersionDate "2021.10.06"]
[SourceQuality "1"]

1. e4 c5 2. Nf3 Nc6 3. d4 cxd4 4. Nxd4 Qb6 5. Nb3 Nf6 6. Nc3 e6 7. Be3 Qc7 8. a3 a6 9. f4 d6 10. Qf3 Be7 11. 0-0-0 b5 12. Nd4 Bb7 13. Nxc6 Bxc6 14. Bd3 d5 15. exd5 Nxd5 16. Be4 Rc8 17. Nxd5 Bxd5 18. Rd2 Bxe4 19. Qxe4 0-0 20. Rhd1 Qc6 21. Qxc6 Rxc6 22. Rd7 Bf6 23. Bd4 Rfc8 24. c3 R6c7 25. Bxf6 gxf6 26. Rxc7 Rxc7 27. Rd8+ Kg7 28. Ra8 Rc6 29. Ra7 Kg6 30. Kd2 e5 31. Ke3 Re6 32. fxe5 fxe5 33. g3 f5 34. Rd7 h6 35. Rd5 Kg5 36. b3 Kg4 37. c4 bxc4 38. bxc4 Kh3 39. c5 Kxh2 40. Rd6 Re7 41. Rxh6+ Kxg3 42. Rg6+ Kh4 43. Rxa6 Rc7 44. Ra5 Kg4 45. Kd3 f4 46. c6 Rxc6 47. Rxe5 Ra6 48. Ke2 Rxa3 49. Re4 Kg3 50. Re8 f3+ 51. Kd1 Ra4 52. Rg8+ Rg4 53. Rf8 Rf4 54. Rg8+ Rg4 55. Rf8 Kf2 56. Re8 Rd4+ 57. Kc1 Rd3 58. Ra8 Re3 59. Kd1 Re1+ 60. Kd2 Kf1 61. Rg8 Re2+ 62. Kd1 Rg2 63. Rh8 Kg1 64. Rf8 f2 0-1

[Event "Wch U16 Girls"]
[Site "Al Ain"]
[Date "2013.??.??"]
[Round "9"]
[White "Fisher, Michelle M"]
[Black "Giblon, Rebecca"]
[Result "0-1"]
[WhiteElo "1627"]
[BlackElo "1715"]
[PlyCount "144"]
[EventDate "2013.12.18"]
[EventType "swiss"]
[EventRounds "11"]
[EventCountry "UAE"]
[SourceTitle "CBM 158 Extra"]
[Source "ChessBase"]
[SourceDate "2014.02.28"]
[SourceVersion "1"]
[SourceVersionDate "2014.02.28"]
[SourceQuality "1"]

1. e4 e5 2. Nf3 Nc6 3. d4 exd4 4. Bc4 Bc5 5. c3 Nf6 6. cxd4 Bb4+ 7. Nc3 Nxe4 8. 0-0 Bxc3 9. d5 Bf6 10. Re1 Ne7 11. Rxe4 d6 12. Bg5 Bf5 13. Qa4+ Bd7 14. Qc2 Bxg5 15. Nxg5 h6 16. Rae1 hxg5 17. Qe2 0-0 18. Rxe7 Re8 19. Rxe8+ Qxe8 20. Qd2 Qd8 21. Bd3 Qf6 22. Re3 Re8 23. Rf3 Qe5 24. Re3 Qf4 25. g3 Qf6 26. Rxe8+ Bxe8 27. Qb4 Qf3 28. Be4 Qd1+ 29. Kg2 Qa4 30. Qxa4 Bxa4 31. b3 Bd7 32. Kf3 f5 33. Bd3 Kf7 34. Ke3 Kf6 35. f4 gxf4+ 36. gxf4 Kg6 37. Be2 Kf6 38. h4 Kg6 39. b4 Kh6 40. b5 Be8 41. Kf2 c6 42. bxc6 bxc6 43. Bf3 c5 44. Be2 Kg6 45. Bc4 Kf7 46. Ke3 Ke7 47. Kd3 Kd8 48. Kc3 Kc7 49. Kb3 Kb6 50. Bd3 Bd7 51. h5 Be8 52. h6 gxh6 53. Bxf5 Kc7 54. Kc4 Kd8 55. Kd3 Ke7 56. Be4 Kf6 57. Ke3 Bg6 58. Bf3 h5 59. Bg2 h4 60. Bh3 Bf5 61. Bg2 Bg4 62. Be4 Bf5 63. Bf3 Bb1 64. a3 Kf5 65. Bh5 Bc2 66. Bf3 h3 67. Bh1 Kg4 68. Kd2 Bf5 69. Ke3 Kg3 70. Bf3 h2 71. Bh1 Bh3 72. f5 Bxf5 0-1

[Event "Wch U16 Girls"]
[Site "Al Ain"]
[Date "2013.??.??"]
[Round "8"]
[White "Giblon, Rebecca"]
[Black "Wafa, Shrook"]
[Result "0-1"]
[WhiteElo "1715"]
[BlackElo "2010"]
[PlyCount "94"]
[EventDate "2013.12.18"]
[EventType "swiss"]
[EventRounds "11"]
[EventCountry "UAE"]
[SourceTitle "CBM 158 Extra"]
[Source "ChessBase"]
[SourceDate "2014.02.28"]
[SourceVersion "1"]
[SourceVersionDate "2014.02.28"]
[SourceQuality "1"]

1. e4 Nc6 2. Nf3 e5 3. d4 exd4 4. Nxd4 Bc5 5. Be3 Nxd4 6. Bxd4 Bxd4 7. Qxd4 Qg5 8. Nc3 Ne7 9. Nb5 Kd8 10. h4 Qf6 11. Qxf6 gxf6 12. Bc4 Rf8 13. 0-0-0 a6 14. Nc3 b5 15. Be2 c6 16. Rd6 f5 17. e5 Kc7 18. Rf6 Bb7 19. Bh5 c5 20. f3 Rad8 21. Bxf7 Ng8 22. Bxg8 Rxf6 23. exf6 Rxg8 24. Re1 Kd6 25. h5 Rf8 26. Re7 h6 27. Rg7 Rxf6 28. Ne2 f4 29. Kd2 Bd5 30. Nxf4 Rxf4 31. Rg6+ Ke5 32. Rxh6 Rh4 33. Ke3 Rh2 34. Kf2 Bf7 35. Rxa6 Rxh5 36. Ra5 Kd4 37. Rxb5 Bxa2 38. b4 Bc4 39. Rb7 cxb4 40. Rxd7+ Kc3 41. Rb7 Rd5 42. Ke3 Re5+ 43. Kf4 Re2 44. g4 Rxc2 45. g5 b3 46. g6 b2 47. g7 Rg2 0-1

[Event "Wch U16 Girls"]
[Site "Maribor"]
[Date "2012.11.16"]
[Round "9.42"]
[White "Vlckova, Katerina"]
[Black "Giblon, Rebecca"]
[Result "1-0"]
[WhiteElo "1846"]
[BlackElo "1701"]
[PlyCount "51"]
[EventDate "2012.11.08"]
[EventType "swiss"]
[EventRounds "11"]
[EventCountry "SLO"]
[SourceTitle "EXT 2013"]
[Source "ChessBase"]
[SourceDate "2012.11.22"]
[SourceVersion "1"]
[SourceVersionDate "2012.11.22"]
[SourceQuality "1"]

1. d4 d5 2. c4 c6 3. Nf3 e6 4. Nc3 dxc4 5. e3 b5 6. a4 Bb4 7. Bd2 a6 8. Ne5 Bb7 9. Qg4 g6 10. Be2 Nf6 11. Qf3 Qe7 12. h4 c5 13. Qg3 Bxc3 14. Bxc3 Ne4 15. Qf4 Nxc3 16. bxc3 cxd4 17. Qxd4 f6 18. Ng4 Kf7 19. Rd1 Nc6 20. Qb6 f5 21. Nh2 Rhd8 22. 0-0 Ne5 23. axb5 axb5 24. Qxb5 Rxd1 25. Rxd1 Bd5 26. Rxd5 1-0

[Event "Wch U16 Girls"]
[Site "Maribor"]
[Date "2012.11.10"]
[Round "3.34"]
[White "Cosman, Andreea Marioara"]
[Black "Giblon, Rebecca"]
[Result "1-0"]
[WhiteElo "1914"]
[BlackElo "1701"]
[PlyCount "97"]
[EventDate "2012.11.08"]
[EventType "swiss"]
[EventRounds "11"]
[EventCountry "SLO"]
[SourceTitle "EXT 2013"]
[Source "ChessBase"]
[SourceDate "2012.11.22"]
[SourceVersion "1"]
[SourceVersionDate "2012.11.22"]
[SourceQuality "1"]

1. d4 d5 2. c4 e6 3. Nc3 c5 4. cxd5 exd5 5. g3 Nc6 6. Nf3 Nf6 7. Bg2 Be7 8. 0-0 0-0 9. b3 Re8 10. Bb2 Bf5 11. dxc5 Bxc5 12. Nb5 Ne4 13. Nbd4 Bg4 14. Rc1 Qb6 15. e3 Ne5 16. Nc2 Ng5 17. Nce1 Nexf3+ 18. Nxf3 Rad8 19. Qc2 Bxe3 20. Nxg5 Bxg5 21. Rce1 d4 22. Qd3 Rxe1 23. Rxe1 g6 24. Be4 Qa5 25. Ra1 b6 26. a3 Qd2 27. Bc1 Qe1+ 28. Qf1 Qxf1+ 29. Kxf1 Bxc1 30. Rxc1 d3 31. f3 d2 32. Rd1 Bc8 33. Ke2 f5 34. Bc2 Bb7 35. f4 Re8+ 36. Kxd2 Bf3 37. Re1 Rxe1 38. Kxe1 Kf7 39. Kf2 Bd5 40. Ke3 Ke6 41. Kd4 Kd6 42. b4 b5 43. h3 a6 44. g4 fxg4 45. hxg4 Bf3 46. g5 Bd5 47. Bd1 a5 48. bxa5 Kc6 49. Be2 1-0

[Event "Toronto-ch (Women)"]
[Site "Toronto"]
[Date "2012.11.05"]
[Round "4"]
[White "Kaneshalingam, Mathanhe"]
[Black "Giblon, Rebecca"]
[Result "0-1"]
[WhiteElo "1311"]
[BlackElo "1662"]
[PlyCount "62"]
[EventDate "2012.10.15"]
[EventType "tourn"]
[EventRounds "5"]
[EventCountry "CAN"]
[SourceTitle "EXT 2022"]
[Source "ChessBase"]
[SourceDate "2021.10.06"]
[SourceVersion "1"]
[SourceVersionDate "2021.10.06"]
[SourceQuality "1"]

1. d4 d5 2. c4 c6 3. Nc3 e6 4. Nf3 dxc4 5. e4 b5 6. a3 Bb7 7. Be3 Nf6 8. Qc2 Be7 9. Be2 0-0 10. 0-0 Ng4 11. h3 Nxe3 12. fxe3 Nd7 13. e5 a6 14. e4 Qb6 15. Kh1 Rad8 16. Rad1 f6 17. Rd2 fxe5 18. dxe5 Qc5 19. Nd4 Rxf1+ 20. Bxf1 Qxe5 21. Nf3 Qc7 22. Nd4 Nc5 23. Qd1 Bg5 24. Re2 e5 25. Nb1 Rxd4 26. Nd2 Nb3 27. Rf2 Nxd2 28. Qh5 Qe7 29. Be2 Nxe4 30. Rf3 Rd2 31. Bf1 Rf2 0-1

[Event "Wch U14 Girls"]
[Site "Caldas Novas"]
[Date "2011.11.24"]
[Round "7"]
[White "Giblon, Rebecca"]
[Black "Borsato, Ana Carolina Teodor"]
[Result "1-0"]
[WhiteElo "1720"]
[BlackElo "1666"]
[PlyCount "69"]
[EventDate "2011.11.18"]
[EventType "swiss"]
[EventRounds "9"]
[EventCountry "BRA"]
[SourceTitle "EXT 2013"]
[Source "ChessBase"]
[SourceDate "2012.11.22"]
[SourceVersion "1"]
[SourceVersionDate "2012.11.22"]
[SourceQuality "1"]

1. e4 e5 2. Nf3 Nc6 3. Nc3 Nf6 4. d4 exd4 5. Nxd4 Bb4 6. Nxc6 bxc6 7. Bd3 d6 8. 0-0 h6 9. f4 Bc5+ 10. Kh1 Ng4 11. Qe2 Nxh2 12. g3 Nxf1 13. Qxf1 Bg4 14. e5 dxe5 15. fxe5 0-0 16. Ne4 Qd4 17. Nxc5 Qxc5 18. Bxh6 Qxe5 19. Bf4 Qh5+ 20. Kg1 Qc5+ 21. Kg2 Qh5 22. Kg1 Bf5 23. Bxc7 Bxd3 24. Qxd3 Qc5+ 25. Kh2 Rac8 26. Bf4 Qf2+ 27. Kh3 Rfd8 28. Qf5 Rb8 29. Qg5 Rd5 30. Qe7 Rh5+ 31. Kg4 Rbb5 32. Rd1 f5+ 33. Kxh5 Qf3+ 34. Kg6 Qg4+ 35. Bg5 1-0

[Event "CAN-ch (Women) 15th"]
[Site "Toronto"]
[Date "2011.10.08"]
[Round "2"]
[White "Lacau Rodean, Iulia"]
[Black "Giblon, Rebecca"]
[Result "1-0"]
[WhiteElo "2008"]
[BlackElo "1732"]
[PlyCount "43"]
[EventDate "2011.10.08"]
[EventType "swiss"]
[EventRounds "6"]
[EventCountry "CAN"]
[SourceTitle "CBM 144 Extra"]
[Source "ChessBase"]
[SourceDate "2011.10.28"]
[SourceVersion "1"]
[SourceVersionDate "2011.10.28"]
[SourceQuality "1"]

1. e4 e5 2. Nf3 Nc6 3. d4 exd4 4. Nxd4 Bc5 5. Nxc6 Qf6 6. Qe2 Qxc6 7. Nc3 Ne7 8. Be3 0-0 9. 0-0-0 Bb4 10. Bd4 d5 11. exd5 Nxd5 12. Nxd5 Qxd5 13. Qc4 Qa5 14. a3 Bd6 15. Bc3 Qb6 16. Qh4 Bf5 17. Bd3 Bxd3 18. Rxd3 Rfe8 19. Rh3 h6 20. Bxg7 Kxg7 21. Qxh6+ Kg8 22. Qh8# 1-0

[Event "CAN-ch U14 Girls"]
[Site "Richmond Hill"]
[Date "2011.07.07"]
[Round "4"]
[White "Giblon, Rebecca"]
[Black "Moore, Valee"]
[Result "1-0"]
[WhiteElo "1583"]
[BlackElo "531"]
[PlyCount "25"]
[EventDate "2011.07.06"]
[EventType "swiss"]
[EventRounds "7"]
[EventCountry "CAN"]
[SourceTitle "EXT 2022"]
[Source "ChessBase"]
[SourceDate "2021.10.06"]
[SourceVersion "1"]
[SourceVersionDate "2021.10.06"]
[SourceQuality "1"]

1. e4 g6 2. d4 h5 3. Nc3 Rh7 4. Nf3 Nf6 5. Bf4 Bh6 6. Qd2 Nc6 7. Bxh6 Ng8 8. Bf4 e6 9. 0-0-0 a5 10. d5 Na7 11. Ng5 Rh6 12. dxe6 dxe6 13. Qxd8# 1-0

[Event "CAN-ch U20"]
[Site "Mississauga"]
[Date "2011.04.25"]
[Round "9"]
[White "Gladstone, Simon"]
[Black "Giblon, Rebecca"]
[Result "1-0"]
[WhiteElo "1999"]
[BlackElo "1580"]
[PlyCount "61"]
[EventDate "2011.04.21"]
[EventType "swiss"]
[EventRounds "9"]
[EventCountry "CAN"]
[SourceTitle "EXT 2022"]
[Source "ChessBase"]
[SourceDate "2021.10.06"]
[SourceVersion "1"]
[SourceVersionDate "2021.10.06"]
[SourceQuality "1"]

1. e4 e5 2. Nf3 Nc6 3. Bc4 Bc5 4. 0-0 Nf6 5. d4 exd4 6. e5 d5 7. exf6 dxc4 8. fxg7 Rg8 9. Re1+ Be6 10. Bg5 Qd5 11. Nc3 Qf5 12. Ne4 Rxg7 13. Nh4 Qxe4 14. Rxe4 Rxg5 15. f4 Rg8 16. f5 0-0-0 17. fxe6 d3+ 18. Kh1 Nb4 19. c3 Nc2 20. Rc1 fxe6 21. Rxc2 dxc2 22. Qxc2 Rd3 23. Re1 Re8 24. Nf3 Be3 25. Ne5 Rd2 26. Qa4 Rg8 27. Nxc4 Rdxg2 28. Nxe3 Rxb2 29. Qxa7 Rd8 30. Qa8+ Kd7 31. Rd1+ 1-0

[Event "CAN-ch U20"]
[Site "Mississauga"]
[Date "2011.04.24"]
[Round "7"]
[White "Balzhiyenov, Damir"]
[Black "Giblon, Rebecca"]
[Result "0-1"]
[WhiteElo "1489"]
[BlackElo "1588"]
[PlyCount "78"]
[EventDate "2011.04.21"]
[EventType "swiss"]
[EventRounds "9"]
[EventCountry "CAN"]
[SourceTitle "EXT 2022"]
[Source "ChessBase"]
[SourceDate "2021.10.06"]
[SourceVersion "1"]
[SourceVersionDate "2021.10.06"]
[SourceQuality "1"]

1. e4 e5 2. Nf3 Nc6 3. Bb5 a6 4. Ba4 Nf6 5. d3 d6 6. h3 Bd7 7. Nc3 Be7 8. 0-0 0-0 9. Be3 b5 10. Bb3 Na5 11. Nd2 Nxb3 12. axb3 Bc6 13. f4 exf4 14. Bxf4 d5 15. Qf3 dxe4 16. Ncxe4 Nxe4 17. dxe4 f5 18. Qg3 fxe4 19. Rad1 Qe8 20. Kh1 Rf6 21. Qe3 Qf7 22. Rf2 Rf8 23. Rdf1 Bd6 24. Bg3 Qg6 25. Rxf6 Rxf6 26. Rxf6 gxf6 27. Bxd6 cxd6 28. Qb6 Qe8 29. Qe3 b4 30. Nb1 Qe5 31. Qb6 Qe8 32. Qxa6 f5 33. Qc4+ Kg7 34. Qd4+ Qe5 35. Qxb4 e3 36. Qe1 f4 37. Nc3 f3 38. gxf3 Bxf3+ 39. Kg1 Qg5+ 0-1